LEADER 01332nam a2200253 i 4500 001 000000367812 003 CaOOAMICUS 005 20260515093002.0 008 260515s2008 it u000 u ita u 020 $a978-88-311-3850-5 040 $aSeMil$bita 100 1 $aBiffi, Inos,$c.$0(OLS)http://semarc/name/282 245 12$aL'anno di Dio :$buna corona di grazia : commento al nuovo Lezionario festivo anni A, B, e C / $cInos Biffi ; a cura di Stefano Maria Malaspina. 264 1$aRoma :$bCittà Nuova :$bLibreria Editrice Vaticana ;$aMilano :$bJaca Book,$c2008. 300 $aXXI, 320 p. ;$c24 cm. 650 04$aLezionario ambrosiano festivo - Commenti e studi.$0(OLS)http://semarc/subject/3221 700 1 $aMalaspina, Stefano Maria.$0(OLS)http://semarc/name/56490 850 $aSeMil 852 $aSeMil$W1$xVenegono$y1$m2LA W 30$j271985$B258487$CSeMilBibl$Z2$F258487 $81 996 $6020$a978-88-311-3850-5$9(OLS)http://semarc/number/305930 996 $6245$aL'anno di Dio :$buna corona di grazia : commento al nuovo Lezionario festivo anni A, B, e C / $9(OLS)http://semarc/title/459785 996 $6264$aRoma :$bCittà Nuova :$bLibreria Editrice Vaticana$9(OLS)http://semarc/publisher/63064 996 $6264$aMilano :$bJaca Book$9(OLS)http://semarc/publisher/29781